000 00478nam a2200157 i 4500
001 88349
003 ES-MaACL
005 20230906175838.0
007 t|
008 050104s1966 sp ||||1| spa d
100 1 _aLaguna, Domingo de.
_969620
245 1 0 _aCanarias en los grandes hombres espaƱoles /
_cDomingo de Laguna.
260 _a[S.l. :
_bs.n.,
_c1966] (
_eSanta Cruz de Tenerife :
_fAfra)
300 _a121 p. :
_bil. ;
_c21 cm.
852 _aES-MaACL
_jC-36978
_bR.65585
999 _c88349
_d88349